Easy Soccer Quiz - Statistics

General Stats
  • This quiz has been taken 157 times
  • The average score is 11 of 15
Answer Stats
Question Answer % Correct
What is the term where you score 3 goals in one match? Hat-trick
98%
Where is the FIFA World Cup being hosted in 2022? Qatar
95%
What nationality does Diego Maradona come from? Argentina
88%
Which team from Manchester wears red? Manchester United
87%
What nationality does Pelé come from? Brazil
85%
How many FIFA World Cup titles has Brazil won? 5
84%
What team does Lionel Messi play for in 2022? PSG
82%
What is the top Spanish division called? La Liga
79%
What is the top German division called? Bundesliga
78%
Name the position based on this description: Stays at the goal and tries to keep the opponents from scoring. Goalkeeper
76%
Who won the 2022 FA Cup? Liverpool
72%
When a ball goes out to the side, what happens after? Throw-in
70%
Name the stadium that Real Madrid plays on. Santiago Bernabéu
52%
What is the skill move that Cristiano Ronaldo made so famous? Step-over
32%
Do hexagons or octagons make up a regular soccer ball? Pentagons
19%
No matching quizzes found
Score Distribution
Percent of People with Each Score
Percentile by Number Answered
Your Score History
You have not taken this quiz